| 000 | 01514nas a2200457 i 4500 | ||
|---|---|---|---|
| 001 | 196140 | ||
| 003 | ES-MaACL | ||
| 005 | 20260129133902.0 | ||
| 007 | ta | ||
| 008 | 240814c20199999sp qr p 0 b0spa | ||
| 010 |
_an _b0 |
||
| 015 | _aREV1902 | ||
| 017 |
_aM 9624-2019 _bOficina Depósito Legal Madrid |
||
| 022 | 0 |
_a2659-6393 _2_u |
|
| 035 | _a(OCoLC)1103697315 | ||
| 035 | _a(SpMaBN)a6489072 | ||
| 035 | _a991021227869708606 | ||
| 037 | _bPollensa, 2, oficina 14, 28290; tf. 916404643, fax 916401437 | ||
| 040 |
_aSpMaBN _bspa _cSpMaBN _erdc _dES-MaACL |
||
| 080 | _a621.397 | ||
| 210 | 0 | _aAV integr. audiov. | |
| 222 | 0 | _aAV, integración audiovisual | |
| 245 | 0 | 0 | _aAV, integración audiovisual |
| 260 |
_aLas Rozas, Madrid : _bDaró Media Grroup, _cD.L. 2019- |
||
| 300 |
_a v . ; _c30 cm |
||
| 310 | _aTrimestral | ||
| 336 |
_aTexto (visual) _2isbdcontent |
||
| 337 |
_asin mediación _2isbdmedia |
||
| 338 |
_2rdacarrier _avolumen |
||
| 362 | 0 | _aMarzo 2019- | |
| 588 | _aDescripción basada en: n. 17 (jun. 2023) | ||
| 594 | _aTítulo tomado de la cubierta | ||
| 650 | 7 |
_aIndustria audiovisual _2embne _9238376 |
|
| 655 | 7 |
_9226866 _aRevistas |
|
| 852 |
_aEs-MaACL _cHEM _jHEM-1850 _hDonación: Editorial _zRevista viva _zCasillero actual: Cº 25 _9203957 |
||
| 856 | 4 |
_yEn linea _uhttps://avintegracion.com/leer-la-revista/ |
|
| 866 | _o2023-2024-2025-2026- | ||
| 942 |
_2udc _n0 _cPERIODICA |
||
| 955 | _bVerónica Torres Díaz | ||
| 999 |
_c196140 _d196140 |
||